Clic Qui gouverne en Europe le 1er janvier 1789 ? - Statistiques

Statistiques générales
  • Ce quiz a été pris 26 fois
  • Le résultat moyen est 11 sur 27
Statistiques - réponses
Hint Réponse % Correct
Empire russe Catherine II
82%
Royaume de France Louis XVI
76%
Royaume de Pologne-Lituanie Stanislas II Auguste Poniatowski
71%
Provinces-Unies Guillaume V d'Orange-Nassau
65%
Etats pontificaux Pie VI
65%
Empire Ottoman Sélim III
65%
Royaume-Uni George III
59%
Royaume de Danemark Christian VII
53%
Saint-Empire Romain Germanique Joseph II
53%
Royaume de Piémont-Sardaigne Victor-Amédée III
53%
Royaume de Prusse & Electorat de Brandebourg Frédéric-Guillaume II
47%
Principauté d'Andorre (2e co-prince) Josep de Boltas i Vélez
47%
Royaume de Suède Gustav III
41%
Principauté de Liège César-Constantin-François de Hoensbroeck
35%
République de Saint-Marin Francesco Begni & Filippo Fazzini
35%
Principauté de Monaco Honoré III
35%
Royaume d'Espagne Charles IV
29%
Duché de Parme Ferdinand de Bourbon
29%
Duché de Modène Hercule III d'Este
29%
République de Venise Ludovico Manin
29%
Principauté du Liechtenstein Alois Ier
24%
Duché de Bavière Charles II Théodore
24%
Royaume des deux Siciles Ferdinand IV
24%
Royaume du Portugal Marie 1ère
18%
République de Gênes Paolo Renier
12%
Grand-duché de Toscane Pietro Leopoldo
12%
Duché de Courlande Pierre 1er
6%
Aucun quiz correspondant
Distribution des résultats
% des personnes avec chaque résultat
Percentile par nombre de réponses
Votre historique - résultats
Vous n’avez pas pris ce quiz